US States with the Most Metro Areas in the Top 100 - Statistics

General Stats
  • This quiz has been taken 71 times
  • The average score is 15 of 18
Answer Stats
# of Cities Answer % Correct
10 California
100%
6 Texas
100%
9 Florida
98%
6 Ohio
98%
(5) Pennsylvania
98%
(6) North Carolina
97%
6 New York
95%
(3) Virginia
95%
(4) Massachusetts
90%
3 Tennessee
89%
3 Connecticut
84%
(4) Indiana
84%
(3) New Jersey
83%
(3) Wisconsin
81%
(3) Maryland
76%
(5) South Carolina
73%
3 Utah
63%
(3) Arkansas
38%
No matching quizzes found
Score Distribution
Percent of People with Each Score
Percentile by Number Answered
Your Score History
You have not taken this quiz